| 000 | 00663nam a2200229 a 4500 | ||
|---|---|---|---|
| 999 |
_c2390 _d2390 |
||
| 001 | 2390 | ||
| 003 | BD-JhCC | ||
| 005 | 20171105181436.0 | ||
| 008 | 171101s2009 bg |||| ||a| 000 0 ben d | ||
| 020 | _a9847015601041 | ||
| 035 | _a(BD-JhCC)2390 | ||
| 040 |
_aBD-JhCC _dBD-JhCC |
||
| 041 | _aben | ||
| 082 |
_a891.442 _bDIN 2009 |
||
| 100 | _aদীন, সেলিম আল | ||
| 245 |
_aরচনা সমগ্র -৪ / _cসেলিম আল দীন |
||
| 260 |
_aঢাকা : _bমাওলা ব্রাদার্স, _c২০০৯. |
||
| 300 |
_a742 p. : _c22 cm. |
||
| 650 | _aCollection Of Drama | ||
| 942 |
_2ddc _cBK |
||